zpět

Detail výsledku týmu

Minipivovar Polivar, Kopřivnice

Datum a čas kvízu

33.5 Celkem bodů Celkový počet nahraných bodů na tomto kvízu bez doplňovacích otázek.
5. Pořadí na kvízu Konečné umístění týmu na tomto kvízu.

Zaznamenané odpovědi

# Otázka Odpověď Body Výsledky
1. V noci na pátek se v pražské z... gorila 0
2. Na českém internetu se objevil... vrtulník 0
3. Pořadatelé filmového festivalu... George Lucas 1
4. Patříte-li mezi zákazníky inte... fialová 1
5. Který německý fotbalový klub s... Bayer Leverkusen 1
6. V pěti otázkách tohoto tématu... na 2. stupni 0
7. Jaká je denní dávka kuchyňské... B 0
8. Kala namak je zvláštním druhem... A) černá 1
9. Nejen lidé, ale i zvířata potř... liz 1
10. Jeden z nejznámějších a nejsta... D) Wieliczka 1